MDQL
is popping MORE tags! Check the
thread
!
Quizzes
Events
Quiz Creation
Community
Videos
Private Events
Remove Ads
Sign In
Join for FREE
Feedback
Dark Mode
Quiz Categories
Sports
Geography
Music
Movies
Television
Just For Fun
Miscellaneous
History
Literature
Language
Science
Gaming
Entertainment
Religion
Holiday
For Kids
Quiz Lab
Recent
Popular Today
Quiz Kudos Today
Editor Picks
Curator Picks
Quizzes by...
Day
Popularity
Type
Ratings
Length
Year
Community
Subscriptions
Recent Discussions
Orange Saloon
Badges
Playlists
Quests
Create
Leaderboards
Showdown
Live 5
Trivia Bingo
Activity
Puzzle Library
Sporcle Events
Private Events
Virtual Trivia
Globe League
Become a Host
Pub Owners
SporcleCon
Opinionation
Our Games
Videos
Blog
Mobile Apps
Partnerships
Remove Ads and Go Orange
Feedback
Sports
Athletes
MLB
NBA
NHL
NFL
Soccer
Sports Teams
WWE
NCAA
Football
Premier League
Basketball
Baseball
Hockey
Golf
Tennis
Cricket
Rugby
Auto Racing
Olympics
World Cup
Sports
Athletes
MLB
NBA
NHL
NFL
Soccer
Sports Teams
WWE
NCAA
Football
Premier League
Basketball
Baseball
Hockey
Golf
Tennis
Cricket
Rugby
Auto Racing
Olympics
World Cup
Random Quiz
Search Sporcle
×
Quiz Lab
Quiz Lab
Sports
World Cup
Type in answers that appear in a list
Type in answers that appear in a list
Classic
Best Score? Go Orange.
Premier League goalscorers from smaller nations Stats
Can you name the top Premier League goalscorers from countries who've never been in a World Cup?
By
FourFourTwo_
8m
25 Questions
8,547 Plays
8,547 Plays
8,547 Plays
Comments
Comments
Give Quiz Kudos
Give Quiz Kudos
-
- Ratings
hide this ad
More Info
Replay
Link that replays current quiz
Next Quiz
Link to next quiz in quiz playlist
You Got
0%
They Got
Avg Score
25%
Avg Friend Score
Upgrade to see
Score Distribution
Jump to the score distribution portion of the page
Score
0/25
Timer
08:00
0
Plays Today
Goals
Player
% Correct
9
Victor Wanyama
60.7%
43
Fredi Kanoute
57.3%
42
Marians Pahars
48.6%
34
Mikael Forssell
43.4%
8
Aliaksandr Hleb
43.1%
21
Salomon Rondon
42.7%
22
Sami Hyypia
35.2%
8
Stevan Jovetic
34.8%
26
Benjani
33.9%
7
Georgi Kinkladze
32.5%
34
Peter Ndlovu
27.9%
13
Shaun Goater
25.7%
25
Stephane Sessegnon
23.3%
Goals
Player
% Correct
36
Jason Roberts
22.5%
9
Danny Higginbotham
21.2%
36
Ruel Fox
15.4%
8
Temuri Ketsbaia
13.3%
16
Christopher Samba
11.9%
9
Titi Camara
10.6%
27
Jonatan Johansson
8.2%
7
Shefki Kuqi
8%
28
Carl Cort
7.2%
11
Emmerson Boyce
5.5%
6
Rudy Gestede
5.2%
6
Leandro Bacuna
4.5%
Quiz Playlist
Details
Report
Send in Message
Add To Playlist
More Info:
Teams at World Cup 2018 are included as having "been in a World Cup", so players from Iceland and Panama do not feature in the quiz.
Classic:
Type in answers that appear in a list
Last Updated: Feb 22, 2018
Quiz Scoreboard
CHALLENGE
Sign Up to Join the Scoreboard
Show All
Scores
Hide
Comments
May contain spoilers
Recently Published
1-10 Letter E Words III
by El_Dandy
Language
2m
Street Fighter Characters
by Artimus82
Gaming
60s
College Basketball Coaching Resumes
by pancakes188
Sports
9m
More to Explore
Quiz From the Vault
Featured Blog Post
Where Did the Easter Bunny Come From?
hide this ad
You Might Also Like...
Tags
Football Quiz
Premier League Quiz
Soccer Quiz
World Cup Quiz
English Football
English Soccer
FIFA
Goal Scorers
League Scorers
Top Goalscorers
World Cup 2018
Today's Top Quizzes in Sports
Browse Sports
hide this ad
Today's Top Quizzes in World Cup
Browse World Cup
Top Contributed Quizzes in Sports
1
2022 World Cup Stars
2
Les meilleurs buteurs des matchs entre le PSG et l’OM
3
FIFA Club World Cup Champions
4
Les entraîneurs de l'OM et du PSG au 21e siècle
5
Criteria MLB: Left Handed Sluggers
6
2023 MLB Unique Player Accomplishments
7
AFC Teams Reveal (Wrong Answers Minefield)
8
Players with Multiple 50 Home Run Seasons
9
5-to-1: FBS Animal Nicknames
10
5-to-1: UK Sports Teams
Explore More
Trending Topics
Crossword
Harry Potter
Disney
Marvel
Kpop
NBA
Anime
Soccer
Puzzle
Country
WWE
The Office
Pokémon
NFL
Song
hide this ad
More By:
FourFourTwo_
Quiz
Plays
Rating
Category
Featured
Created
Ballon d'Or winners and nominees since 1995
136,270
4.91
Sports
Jul 25, 2017
Premier League Players in 2018 World Cup
96,740
4.34
Sports
Jun 5, 2018
Every manager of 3+ Premier League clubs
86,548
4.59
Sports
Nov 9, 2017
100+ Premier League goals
85,520
4.59
Sports
Feb 5, 2018
Top 20 rated players from FIFA 13 to FIFA 22
79,941
4.03
Sports
Mar 17, 2020
Go to Creator's Profile
Score Distribution
Quiz Creator Spotlight
FourFourTwo_
Follow
Send a Message
Quizzes Created
-
Created Quiz Play Count
-
More By This Creator
Popular Quizzes Today
1
Find the US States - No Outlines Minefield
2
Find the Countries of Europe - No Outlines Minefield
3
The Countries of the World
4
Find the US States
5
Risky Map Clicking: Biggest States A-Z
6
US States
7
Popular People in 1961
8
Movies - When Are They Set?
More Sports Quizzes
2010s Top Scorers: Los Angeles Clippers
Published
Trending Quizzes
Risky Map Clicking: Least Populous States A-Z
Billboard Blitz: Aretha Franklin
Famous Russians: Author or Composer?
1-10 Letter G Words
Countries of the World: 200 Million BC
Recently Updated
Leaping Animals
pecheneg
Reality TV Shows (A-Z)
bhenderson79
Rickey Henderson's Hall of Fame Teammates
pecheneg
Champions League XIs: Arsenal
pecheneg
Quick Pick: Celebrities in WWE's Hall of Fame
aduchscher
A-Z Keypad Blitz II
pecheneg
Multiple Oscar Actors
pecheneg
Mystery Phrase Blitz: Oscar 'Best Actors'
pecheneg
F. Scott Fitzgerald Novels
LTH
Pick 3 Villains
ddd62291
Trending Topics
Marvel
Harry Potter
Disney
Crossword
Kpop
NBA
Anime
Soccer
Pokémon
The Office
Country
Song
NFL
WWE
Puzzle
Your Account Isn't Verified!
In order to create a playlist on Sporcle, you need to verify the email address you used during registration. Go to your
Sporcle Settings
to finish the process.
Report this User
Report this user for behavior that violates our
Community Guidelines
.
Details:
Send Report
Go to the Sporcle.com Mobile Site →
Comments